Tiszakécske idegenforgalmi fejlesztései

Bibliographic Details
Main Author: Damásdi Edit
Other Authors: Petykó Dr. Csilla
Format: Thesis
Kulcsszavak:Tiszakécske
Egészségturizmus
Tisza-parti Termálfürdő
Fejlesztés
Pályázatok
Online Access:http://dolgozattar.uni-bge.hu/1716

MARC

LEADER 00000nta a2200000 i 4500
001 dolg1716
005 20150903113623.0
008 150319suuuu hu om 000 hun d
040 |a BGE Dolgozattár Repozitórium  |b hun 
041 |a hu 
100 1 |a Damásdi Edit 
245 1 0 |a Tiszakécske idegenforgalmi fejlesztései  |c Damásdi Edit  |h [elektronikus dokumentum] 
246 1 1 |a Tiszakécske idegenforgalmi fejlesztései 
695 |a Tiszakécske 
695 |a Egészségturizmus 
695 |a Tisza-parti Termálfürdő 
695 |a Fejlesztés 
695 |a Pályázatok 
700 1 |a Petykó Dr. Csilla  |e ths 
856 4 0 |u http://dolgozattar.uni-bge.hu/1716/1/USZR6G-Dam%C3%A1sdi%20Edit.pdf  |z Dokumentum-elérés